Physical Organic Chemistry
| Main Author: | |
|---|---|
| Format: | Section = Libro |
| Language: | Undetermined Spanish |
| Published: |
United States
McGraw-Hill
1940
|
| Edition: | 1a.ed. |
| Subjects: |
| LEADER | 00559nam a2200205Ia 4500 | ||
|---|---|---|---|
| 008 | 240830s9999 xx 000 0 und d | ||
| 040 | |a CEDOC FIQ-RUSB / 547 H224 | ||
| 041 | |a spa | ||
| 082 | |a 547 H224 | ||
| 100 | 1 | |a Hammett, Louis P | |
| 245 | 1 | 0 | |a Physical Organic Chemistry |
| 250 | |a 1a.ed. | ||
| 260 | |a United States |b McGraw-Hill |c 1940 | ||
| 300 | |a 404 p. :il. | ||
| 650 | 7 | |a QUÍMICA ORGÁNICA | |
| 650 | 7 | |b EQUILIBRIO Y ENERGÍA DE REACCIÓN | |
| 650 | 7 | |c ENOLIZACIÓN Y REACCIONES RELACIONADAS | |
| 942 | |c BK |2 ddc | ||
| 991 | |a TEXTO | ||
| 999 | |c 14018 | ||